Statistiques concernant Championnat de France Foot: le premier club à a voir été...

Cliquez ici pour prendre le quiz!

Statistiques générales

  • Ce quiz a été pris 71 fois
  • Le résultat moyen est 7 sur 17

Statistiques - réponses

HintRéponse% Correct
Premier club 11 fois Champion de FranceParis SG
71%
Premier club 6 fois Champion de France d'affiléeOlympique Lyonnais
59%
Champion de FranceOlympique Lillois
58%
Premier club 7 fois Champion de France d'affiléeOlympique Lyonnais
56%
Premier club 10 fois Champion de FranceAS Saint-Etienne
52%
Premier club 5 fois Champion de France d'affiléeOlympique Lyonnais
52%
Premier club 9 fois Champion de FranceAS Saint-Etienne
48%
Premier club 8 fois Champion de FranceAS Saint-Etienne
48%
Premier club 7 fois Champion de FranceAS Saint-Etienne
44%
Premier club 3 fois Champion de France d'affiléeAS Saint-Etienne
33%
Premier club 4 fois Champion de France d'affiléeAS Saint-Etienne
30%
Premier club 3 fois Champion de FranceStade de Reims
30%
Premier club 2 fois Champion de FranceFC Sochaux-Montbéliard
23%
Premier club 4 fois Champion de FranceStade de Reims
20%
Premier club 2 fois Champion de France d'affiléeOGC Nice
17%
Premier club 6 fois Champion de FranceStade de Reims
14%
Premier club 5 fois Champion de FranceStade de Reims
9%

Distribution des résultats

Percentile par nombre de réponses

% des personnes avec chaque résultat

Votre développement - résultats

Vous n’avez pas pris ce quiz